[Event "Titled Tuesday intern op 04th Mar Early"]
[Site "Chess.com INT"]
[Date "2025.03.04"]
[Round "4"]
[White "Fedotov, Nikita1"]
[Black "Aadya, Gupta"]
[Result "1-0"]
[WhiteElo "2311"]
[BlackElo "1928"]
[PlyCount "69"]
[EventDate "2025.03.04"]
[EventType "swiss (blitz)"]
[EventRounds "11"]
[EventCountry "USA"]
[SourceTitle "CB11_2025"]
[SourceDate "2025.03.12"]
[SourceVersion "1"]
[SourceVersionDate "2025.03.12"]
[SourceQuality "1"]

1. d4 d5 2. c4 c6 3. Nf3 e6 4. Qc2 Nf6 5. g3 Be7 6. Bg2 0-0 7. 0-0 b6 8. Nbd2 Ba6 9. b3 Nbd7 10. e4 dxe4 11. Nxe4 c5 12. Bb2 Bb7 13. Nxf6+ Bxf6 14. Rad1 Qe7 15. Ng5 Bxg5 16. Bxb7 Rab8 17. Bg2 Bf6 18. Rfe1 Rfd8 19. d5 Bxb2 20. Qxb2 e5 21. d6 Qe8 22. Bc6 f6 23. f4 Kh8 24. fxe5 fxe5 25. Bxd7 Rxd7 26. Rxe5 Qg6 27. Qe2 h6 28. Re6 Qf7 29. Rf1 Qg8 30. Qe5 Kh7 31. Qe4+ Kh8 32. Qg6 Rbd8 33. Rfe1 Qf7 34. Re8+ Rxe8 35. Rxe8+ 1-0

[Event "Titled Tuesday intern op 04th Mar Early"]
[Site "Chess.com INT"]
[Date "2025.03.04"]
[Round "11"]
[White "Martine, Jean Christophe"]
[Black "Aadya, Gupta"]
[Result "0-1"]
[WhiteElo "2000"]
[BlackElo "1928"]
[PlyCount "52"]
[EventDate "2025.03.04"]
[EventType "swiss (blitz)"]
[EventRounds "11"]
[EventCountry "USA"]
[SourceTitle "CB11_2025"]
[SourceDate "2025.03.12"]
[SourceVersion "1"]
[SourceVersionDate "2025.03.12"]
[SourceQuality "1"]

1. d4 d5 2. Nf3 Nf6 3. Nbd2 Bf5 4. e3 c6 5. c4 e6 6. Qb3 Qb6 7. c5 Qxb3 8. axb3 Nbd7 9. b4 Be7 10. b5 0-0 11. b4 Ne4 12. Bb2 Nxd2 13. Nxd2 Nf6 14. Be2 Ne4 15. Nxe4 Bxe4 16. 0-0 cxb5 17. Bxb5 a6 18. Be2 Rfc8 19. Bc3 f6 20. f3 Bg6 21. Rfc1 Kf7 22. Kf2 Bd8 23. Ke1 Bc7 24. g3 e5 25. Kd2 Ke6 26. Bd3 Bxd3 0-1

[Event "Titled Tuesday intern op 25th Feb Early"]
[Site "Chess.com INT"]
[Date "2025.02.25"]
[Round "3"]
[White "Aadya, Gupta"]
[Black "Lasya, Goli"]
[Result "0-1"]
[WhiteElo "1928"]
[BlackElo "2059"]
[PlyCount "76"]
[EventDate "2025.02.25"]
[EventType "swiss (blitz)"]
[EventRounds "11"]
[EventCountry "USA"]
[SourceTitle "CB10_2025"]
[SourceDate "2025.03.05"]
[SourceVersion "1"]
[SourceVersionDate "2025.03.05"]
[SourceQuality "1"]

1. d4 d5 2. c4 e6 3. Nc3 Be7 4. Nf3 Nf6 5. cxd5 exd5 6. Bg5 Nbd7 7. e3 Nf8 8. Bd3 c6 9. 0-0 Ng6 10. Rb1 a5 11. a3 0-0 12. b4 axb4 13. axb4 Re8 14. b5 Ra3 15. Qc2 Qa5 16. Ne2 Ra2 17. Qd1 h6 18. Bxf6 Bxf6 19. bxc6 bxc6 20. Nc1 Ra3 21. Nb3 Qa8 22. Nc5 Be7 23. Bxg6 fxg6 24. Qc2 Bf5 25. e4 dxe4 26. Qc4+ Kh7 27. Ne5 Bxc5 28. Qxc5 e3 29. Rbc1 exf2+ 30. Rxf2 Ra1 31. Rxa1 Qxa1+ 32. Rf1 Qb2 33. Qd6 Be4 34. Rf2 Qc1+ 35. Rf1 Qe3+ 36. Kh1 Qe2 37. Rg1 Ra8 38. Qb4 Ra1 0-1

[Event "Titled Tuesday intern op 25th Feb Early"]
[Site "Chess.com INT"]
[Date "2025.02.25"]
[Round "10"]
[White "Aadya, Gupta"]
[Black "Levitan, Caleb Levi"]
[Result "0-1"]
[WhiteElo "1928"]
[BlackElo "2293"]
[PlyCount "91"]
[EventDate "2025.02.25"]
[EventType "swiss (blitz)"]
[EventRounds "11"]
[EventCountry "USA"]
[SourceTitle "CB10_2025"]
[SourceDate "2025.03.05"]
[SourceVersion "1"]
[SourceVersionDate "2025.03.05"]
[SourceQuality "1"]

1. d4 d5 2. c4 e6 3. Nf3 Nf6 4. cxd5 exd5 5. Nc3 Bb4 6. Bg5 h6 7. Bxf6 Qxf6 8. e3 0-0 9. Bd3 Nc6 10. 0-0 Ne7 11. Ne5 Bd6 12. f4 c6 13. Qf3 Bf5 14. Bxf5 Qxf5 15. g4 Qc8 16. f5 f6 17. Nd3 Re8 18. Nf4 Bxf4 19. Qxf4 Qb8 20. Qxb8 Raxb8 21. Rf3 Rbd8 22. Na4 Nc8 23. Nc5 Nd6 24. Ne6 Rd7 25. Rc1 Rde7 26. Rcf1 Nc4 27. b3 Nd2 28. R1f2 Nxf3+ 29. Rxf3 Rc8 30. b4 a5 31. bxa5 Ra8 32. Rf2 Rxa5 33. Rb2 Ra3 34. Kf2 Rc3 35. Ke2 b5 36. Kd2 Rc4 37. Nc5 Ra7 38. Nb3 Rca4 39. Nc1 Kf7 40. Kc2 Ra3 41. Kd2 Ke7 42. Rc2 Kd6 43. h4 Ra8 44. h5 R8a4 45. Ke2 Rc4 46. Rxc4 0-1

[Event "Titled Tuesday intern op 25th Feb Early"]
[Site "Chess.com INT"]
[Date "2025.02.25"]
[Round "8"]
[White "Asensio Ramos, Enrique Fernando"]
[Black "Aadya, Gupta"]
[Result "1-0"]
[WhiteElo "2215"]
[BlackElo "1928"]
[PlyCount "45"]
[EventDate "2025.02.25"]
[EventType "swiss (blitz)"]
[EventRounds "11"]
[EventCountry "USA"]
[SourceTitle "CB10_2025"]
[SourceDate "2025.03.05"]
[SourceVersion "1"]
[SourceVersionDate "2025.03.05"]
[SourceQuality "1"]

1. d4 d5 2. Nc3 Bf5 3. f3 Nf6 4. g4 Bg6 5. h4 h6 6. Bf4 c6 7. e3 e6 8. Bd3 Bxd3 9. Qxd3 Bd6 10. Nge2 Bxf4 11. Nxf4 Qb6 12. 0-0-0 Nbd7 13. g5 Ng8 14. g6 0-0-0 15. gxf7 Ngf6 16. Nxe6 Rdf8 17. Nxf8 Rxf8 18. e4 Rxf7 19. exd5 cxd5 20. Qg6 Re7 21. Rhe1 Rxe1 22. Rxe1 Qxd4 23. Re8+ 1-0

[Event "Titled Tuesday intern op 25th Feb Early"]
[Site "Chess.com INT"]
[Date "2025.02.25"]
[Round "4"]
[White "Myagmarsuren, Evsuld"]
[Black "Aadya, Gupta"]
[Result "0-1"]
[WhiteElo "2296"]
[BlackElo "1928"]
[PlyCount "108"]
[EventDate "2025.02.25"]
[EventType "swiss (blitz)"]
[EventRounds "11"]
[EventCountry "USA"]
[SourceTitle "CB10_2025"]
[SourceDate "2025.03.05"]
[SourceVersion "1"]
[SourceVersionDate "2025.03.05"]
[SourceQuality "1"]

1. e4 e5 2. Nf3 Nc6 3. Bc4 Bc5 4. 0-0 d6 5. c3 Nf6 6. d3 h6 7. Nbd2 a6 8. Re1 0-0 9. Nf1 Ba7 10. Bb3 Nh5 11. Be3 Qf6 12. h3 Nf4 13. N1h2 Kh8 14. Bc2 Ne7 15. d4 Neg6 16. Qd2 Be6 17. d5 Bd7 18. c4 Nh4 19. Nxh4 Qxh4 20. Nf3 Qf6 21. Bxa7 Rxa7 22. Qe3 Raa8 23. b4 Qg6 24. Nh4 Qg5 25. Qg3 Qh5 26. Bd1 Qg5 27. Qxg5 hxg5 28. Nf3 f6 29. Re3 b6 30. Rc1 a5 31. c5 axb4 32. c6 Bc8 33. Bb3 Ba6 34. Rc2 Bd3 35. Rd2 Bb5 36. Kh2 Ba4 37. g3 Ng6 38. h4 gxh4 39. Nxh4 Nxh4 40. gxh4 Bb5 41. Rf3 Rf7 42. Kg3 Raf8 43. Rf5 g6 44. Rf3 f5 45. exf5 gxf5 46. Kh3 Bf1+ 47. Kh2 Rg7 48. Rg3 Rfg8 49. Kg1 Bb5 50. Kh2 f4 51. Rxg7 Rxg7 52. Bc2 Bf1 53. Bf5 Kg8 54. Bh3 Bc4 0-1

[Event "Titled Tuesday intern op 25th Feb Early"]
[Site "Chess.com INT"]
[Date "2025.02.25"]
[Round "11"]
[White "Tarnowska, Aleksandra"]
[Black "Aadya, Gupta"]
[Result "1/2-1/2"]
[WhiteElo "1882"]
[BlackElo "1928"]
[PlyCount "89"]
[EventDate "2025.02.25"]
[EventType "swiss (blitz)"]
[EventRounds "11"]
[EventCountry "USA"]
[SourceTitle "CB10_2025"]
[SourceDate "2025.03.05"]
[SourceVersion "1"]
[SourceVersionDate "2025.03.05"]
[SourceQuality "1"]

1. e4 e5 2. Nf3 Nc6 3. Bb5 a6 4. Ba4 d6 5. 0-0 Bd7 6. c3 Nge7 7. d4 Ng6 8. Bb3 Be7 9. Nbd2 0-0 10. Re1 h6 11. h3 Bg5 12. Nf1 Bxc1 13. Rxc1 Nf4 14. Ng3 Qe7 15. Qd2 Rad8 16. Rcd1 Qf6 17. Qe3 Ne7 18. dxe5 dxe5 19. Nf5 Nxf5 20. exf5 Bxf5 21. Rxd8 Rxd8 22. Qxe5 Qxe5 23. Rxe5 Be6 24. Bxe6 Nxe6 25. Kh2 Rd1 26. Re2 Kf8 27. Kg3 Ra1 28. a3 b5 29. Nd4 Nxd4 30. cxd4 Rd1 31. Rc2 Rxd4 32. Rxc7 Rd2 33. Ra7 Rxb2 34. Rxa6 Ke7 35. f3 f6 36. Rb6 Rb3 37. Kf4 Rxa3 38. Rxb5 Ra2 39. Kg3 Ke6 40. h4 g6 41. Rb6+ Kf5 42. Rb5+ Ke6 43. Rb6+ Kf7 44. Rb7+ Ke6 45. Rb6+ 1/2-1/2

[Event "Titled Tuesday intern op 04th Feb Early"]
[Site "Chess.com INT"]
[Date "2025.02.04"]
[Round "6"]
[White "Aadya, Gupta"]
[Black "Azar, Sebastien"]
[Result "1-0"]
[WhiteElo "1928"]
[BlackElo "1985"]
[PlyCount "116"]
[EventDate "2025.02.04"]
[EventType "swiss (blitz)"]
[EventRounds "11"]
[EventCountry "USA"]
[SourceTitle "CB07_2025"]
[SourceDate "2025.02.12"]
[SourceVersion "1"]
[SourceVersionDate "2025.02.12"]
[SourceQuality "1"]

1. d4 Nf6 2. c4 e6 3. Nc3 d5 4. Nf3 Bb4 5. cxd5 exd5 6. Bg5 h6 7. Bxf6 Qxf6 8. e3 c5 9. Bd3 cxd4 10. exd4 0-0 11. 0-0 Be6 12. Qb3 Nc6 13. Nxd5 Bxd5 14. Qxd5 Rad8 15. Qe4 g6 16. d5 Rfe8 17. Qc4 b5 18. Qxb5 Ne5 19. Nxe5 Rb8 20. Nd7 Qd6 21. Nxb8 Rxb8 22. Qc6 Qf4 23. Qc4 Qf6 24. a3 Bd6 25. b4 h5 26. Rae1 Kh7 27. Re3 Rb7 28. Rh3 Kg7 29. Be2 Rc7 30. Qd3 h4 31. Rf3 Qe5 32. g3 h3 33. Re3 Qf6 34. Bf3 Be5 35. Rfe1 Bd4 36. Re4 Bb6 37. Qe2 Rc3 38. Rf4 Qg5 39. Bh1 Rxg3+ 40. hxg3 Qxg3+ 41. Kf1 Qxf4 42. Qe5+ Qf6 43. Qxf6+ Kxf6 44. d6 g5 45. d7 g4 46. Re8 g3 47. fxg3 Kg5 48. d8Q+ Bxd8 49. Rxd8 Kg4 50. Kg1 f5 51. Rd3 f4 52. gxf4 Kxf4 53. Rxh3 Ke5 54. Rh7 a5 55. bxa5 Kf6 56. Rb7 Kg6 57. a6 Kf6 58. a7 Ke6 1-0

[Event "Titled Tuesday intern op 14th Jan Early"]
[Site "Chess.com INT"]
[Date "2025.01.14"]
[Round "8"]
[White "Aadya, Gupta"]
[Black "Ersoz, Teoman Guney"]
[Result "0-1"]
[WhiteElo "1968"]
[BlackElo "2084"]
[PlyCount "84"]
[EventDate "2025.01.14"]
[EventType "swiss (blitz)"]
[EventRounds "11"]
[EventCountry "USA"]
[SourceTitle "CB04_2025"]
[SourceDate "2025.01.22"]
[SourceVersion "1"]
[SourceVersionDate "2025.01.22"]
[SourceQuality "1"]

1. d4 d5 2. c4 e6 3. cxd5 exd5 4. Nf3 Nf6 5. Nc3 Bd6 6. Bg5 0-0 7. Bxf6 Qxf6 8. Nxd5 Qg6 9. Nc3 Re8 10. e3 Bg4 11. Be2 Nd7 12. Bd3 Qh5 13. Ne4 Nf6 14. Nxd6 cxd6 15. Be2 Ne4 16. 0-0 Ng5 17. Re1 Ne4 18. h3 Bxh3 19. gxh3 Qxh3 20. Nh2 Nxf2 21. Kxf2 Qxh2+ 22. Kf1 Qh3+ 23. Kf2 Qxe3+ 24. Kf1 Qh3+ 25. Kf2 Qh2+ 26. Kf1 Re3 27. Bf3 Rae8 28. Rxe3 Rxe3 29. Rc1 g5 30. Rc8+ Kg7 31. d5 Qf4 32. Kg2 g4 33. Bxg4 Rg3+ 34. Kh1 Rxg4 35. Rc2 Qe4+ 36. Kh2 Rh4+ 37. Kg3 Qf4+ 38. Kg2 Qh2+ 39. Kf1 Rf4+ 40. Ke1 Qg1+ 41. Kd2 Rd4+ 42. Kc1 Qxd1# 0-1

[Event "Titled Tuesday intern op 14th Jan Early"]
[Site "Chess.com INT"]
[Date "2025.01.14"]
[Round "2"]
[White "Gormally, Daniel"]
[Black "Aadya, Gupta"]
[Result "1-0"]
[WhiteElo "2423"]
[BlackElo "1968"]
[PlyCount "113"]
[EventDate "2025.01.14"]
[EventType "swiss (blitz)"]
[EventRounds "11"]
[EventCountry "USA"]
[SourceTitle "CB04_2025"]
[SourceDate "2025.01.22"]
[SourceVersion "1"]
[SourceVersionDate "2025.01.22"]
[SourceQuality "1"]

1. d4 d5 2. c4 e6 3. Nf3 Nf6 4. g3 Bb4+ 5. Nc3 0-0 6. Bg2 b6 7. cxd5 exd5 8. 0-0 Bb7 9. Ne5 Nbd7 10. Qa4 Bxc3 11. bxc3 c5 12. Bg5 h6 13. Bf4 Nxe5 14. Bxe5 Ne4 15. Rac1 Rc8 16. Qxa7 Bc6 17. dxc5 bxc5 18. Bxe4 dxe4 19. Qxc5 Bd5 20. Qd4 Bxa2 21. Bxg7 Qxd4 22. Bxd4 Bc4 23. Rc2 f5 24. Be3 h5 25. Rd1 Rfd8 26. Rd4 Kf7 27. Bg5 Rxd4 28. cxd4 Be6 29. Rxc8 Bxc8 30. d5 Bb7 31. d6 Ke6 32. Bf4 Bd5 33. Kg2 Bc4 34. Kf1 Kd7 35. Ke1 Ba6 36. Kd2 Bb5 37. Ke3 Ba6 38. Be5 Ke6 39. Bf4 Bb5 40. f3 Bc6 41. fxe4 Bxe4 42. Kd4 Bb7 43. Kc5 Kd7 44. Bg5 Be4 45. Be7 Bb1 46. Kd4 Ke6 47. Ke3 Be4 48. Kf4 Bc2 49. Kg5 Bd1 50. Kxh5 Bxe2+ 51. Kg5 Bg4 52. h4 Kd7 53. h5 Be2 54. h6 f4 55. gxf4 Bd3 56. f5 Bxf5 57. Kxf5 1-0

[Event "Titled Tuesday intern op 14th Jan Early"]
[Site "Chess.com INT"]
[Date "2025.01.14"]
[Round "1"]
[White "Walmer, Benjamin"]
[Black "Aadya, Gupta"]
[Result "0-1"]
[WhiteElo "1990"]
[BlackElo "1968"]
[PlyCount "72"]
[EventDate "2025.01.14"]
[EventType "swiss (blitz)"]
[EventRounds "11"]
[EventCountry "USA"]
[SourceTitle "CB04_2025"]
[SourceDate "2025.01.22"]
[SourceVersion "1"]
[SourceVersionDate "2025.01.22"]
[SourceQuality "1"]

1. e4 e5 2. Nf3 Nc6 3. Bb5 a6 4. Ba4 d6 5. 0-0 Bd7 6. c3 Nge7 7. d4 Ng6 8. h3 Be7 9. Be3 h6 10. Nbd2 Bg5 11. Re1 Bxe3 12. Rxe3 Qf6 13. d5 Nb8 14. c4 0-0 15. Rc1 Nf4 16. Nh2 b5 17. Bc2 b4 18. Nhf1 a5 19. a3 Na6 20. Ng3 Nc5 21. Nb3 Na4 22. axb4 Nxb2 23. Qf1 axb4 24. c5 Rfb8 25. c6 Bc8 26. Nd2 Ba6 27. Qe1 Nbd3 28. Bxd3 Nxd3 29. Rxd3 Bxd3 30. Nf5 b3 31. Rc3 Bc2 32. Kh2 Kh7 33. Qe3 Qg5 34. Qf3 Qxd2 35. Re3 b2 36. Nxh6 Kxh6 0-1

[Event "Titled Tuesday intern op 07th Jan Early"]
[Site "Chess.com INT"]
[Date "2025.01.07"]
[Round "5"]
[White "Dovzik, Juri"]
[Black "Aadya, Gupta"]
[Result "1/2-1/2"]
[WhiteElo "2196"]
[BlackElo "1968"]
[PlyCount "68"]
[EventDate "2025.01.07"]
[EventType "swiss (blitz)"]
[EventRounds "11"]
[EventCountry "USA"]
[SourceTitle "CB03_2025"]
[SourceDate "2025.01.15"]
[SourceVersion "1"]
[SourceVersionDate "2025.01.15"]
[SourceQuality "1"]

1. b3 d5 2. Bb2 c5 3. e3 Nc6 4. Bb5 Bd7 5. Nf3 Nf6 6. 0-0 g6 7. d4 Bg7 8. dxc5 Qc7 9. a3 a5 10. Nbd2 0-0 11. Bxc6 bxc6 12. Be5 Qb7 13. Nd4 Bg4 14. f3 Bc8 15. c3 Nd7 16. Bxg7 Kxg7 17. b4 e5 18. N4b3 axb4 19. axb4 f5 20. Na5 Qc7 21. Qa4 Ba6 22. Qxc6 Qxc6 23. Nxc6 Bxf1 24. Rxa8 Rxa8 25. Kxf1 Rc8 26. Ne7 Rd8 27. Nc6 Ra8 28. Ke2 Kf6 29. f4 exf4 30. exf4 Ke6 31. Nd4+ Ke7 32. Nc6+ Ke6 33. Nd4+ Ke7 34. Nc6+ Ke6 1/2-1/2

[Event "Titled Tuesday intern op 07th Jan Early"]
[Site "Chess.com INT"]
[Date "2025.01.07"]
[Round "11"]
[White "Vallee, Louis"]
[Black "Aadya, Gupta"]
[Result "1-0"]
[WhiteElo "2263"]
[BlackElo "1968"]
[PlyCount "69"]
[EventDate "2025.01.07"]
[EventType "swiss (blitz)"]
[EventRounds "11"]
[EventCountry "USA"]
[SourceTitle "CB03_2025"]
[SourceDate "2025.01.15"]
[SourceVersion "1"]
[SourceVersionDate "2025.01.15"]
[SourceQuality "1"]

1. d4 d5 2. c4 e6 3. Nc3 Nf6 4. cxd5 exd5 5. Bg5 c6 6. e3 Be7 7. Bd3 0-0 8. Qc2 h6 9. Bh4 Re8 10. Nf3 Ne4 11. Bxe4 Bxh4 12. Bh7+ Kh8 13. Nxh4 Qxh4 14. Bd3 Nd7 15. 0-0 Nf6 16. h3 Bxh3 17. gxh3 Qxh3 18. f3 Rxe3 19. Bf5 Qh4 20. Rad1 Nh5 21. Qg2 Ng3 22. Bb1 Nxf1 23. Rxf1 Qxd4 24. Kh2 Qh4+ 25. Kg1 Qd4 26. Qf2 Qe5 27. f4 Qe7 28. Kg2 Re8 29. Qd2 d4 30. Qxd4 Qh4 31. Ne4 R8xe4 32. Bxe4 Qg3+ 33. Kh1 Qh3+ 34. Kg1 Qg3+ 35. Bg2 1-0

[Event "Titled Tuesday intern op 07th Jan Early"]
[Site "Chess.com INT"]
[Date "2025.01.07"]
[Round "7"]
[White "Viasus Cuellar, Juan Diego"]
[Black "Aadya, Gupta"]
[Result "0-1"]
[WhiteElo "1847"]
[BlackElo "1968"]
[PlyCount "78"]
[EventDate "2025.01.07"]
[EventType "swiss (blitz)"]
[EventRounds "11"]
[EventCountry "USA"]
[SourceTitle "CB03_2025"]
[SourceDate "2025.01.15"]
[SourceVersion "1"]
[SourceVersionDate "2025.01.15"]
[SourceQuality "1"]

1. g3 d5 2. Bg2 Bf5 3. c4 e6 4. d4 c6 5. Nf3 Nf6 6. 0-0 Bd6 7. Nc3 h6 8. Nd2 Nbd7 9. e4 dxe4 10. Ndxe4 Nxe4 11. Nxe4 Be7 12. Be3 Nf6 13. Nxf6+ Bxf6 14. Qb3 Qc7 15. d5 exd5 16. cxd5 cxd5 17. Rac1 Qd7 18. Bxd5 0-0 19. Bxb7 Rab8 20. Bc6 Qc7 21. Qa4 Bxb2 22. Rc5 Bh3 23. Rb1 Qe7 24. Rc2 Ba3 25. Rd1 Rfd8 26. Re1 Qb4 27. Qxb4 Bxb4 28. Rb1 Bf5 29. Rcb2 Bxb1 30. Rxb1 a5 31. Bf4 Rbc8 32. Bf3 Rc2 33. a3 Bxa3 34. Bc7 Rf8 35. Bxa5 Rfc8 36. Bb4 Rc1+ 37. Rxc1 Bxc1 38. Kg2 Rc2 39. Bd6 Bb2 0-1

[Event "IND-ch Schools"]
[Site "Gyan Bhawan Patna"]
[Date "2024.02.08"]
[Round "5"]
[White "Aadya, Gupta"]
[Black "Singh, Myra"]
[Result "1/2-1/2"]
[WhiteElo "1544"]
[BlackElo "1511"]
[PlyCount "80"]
[EventDate "2024.02.06"]
[EventType "swiss"]
[EventRounds "9"]
[EventCountry "IND"]
[SourceTitle "EXT 2025"]
[Source "ChessBase"]
[SourceDate "2024.10.14"]
[SourceVersion "1"]
[SourceVersionDate "2024.10.14"]
[SourceQuality "1"]

1. d4 d5 2. c4 e6 3. Nf3 Nf6 4. Nc3 Be7 5. Bf4 b6 6. a3 0-0 7. e3 Bb7 8. Bd3 dxc4 9. Bxc4 Nbd7 10. Qe2 Nd5 11. Bg3 N7f6 12. Bd3 Nxc3 13. bxc3 Bd6 14. e4 Be7 15. 0-0 c5 16. a4 Qc8 17. Bh4 Re8 18. Ne5 Qc7 19. f4 Rad8 20. Rac1 c4 21. Bb1 Rc8 22. Rf3 Nd7 23. Bxe7 Nxe5 24. fxe5 Qxe7 25. Rcf1 Rf8 26. Rh3 g6 27. Rhf3 Bc6 28. Qe3 Kg7 29. Rh3 Rh8 30. Qh6+ Kg8 31. Bc2 a6 32. Rhf3 Be8 33. h4 Qf8 34. Qf4 h5 35. Kh2 Qe7 36. d5 Rh7 37. Rd1 Bd7 38. Rb1 b5 39. axb5 axb5 40. Ra1 exd5 1/2-1/2

[Event "IND-ch Schools"]
[Site "Gyan Bhawan Patna"]
[Date "2024.02.07"]
[Round "4"]
[White "Asudani, Ruhani Raj"]
[Black "Aadya, Gupta"]
[Result "0-1"]
[WhiteElo "1420"]
[BlackElo "1544"]
[PlyCount "102"]
[EventDate "2024.02.06"]
[EventType "swiss"]
[EventRounds "9"]
[EventCountry "IND"]
[SourceTitle "EXT 2025"]
[Source "ChessBase"]
[SourceDate "2024.10.14"]
[SourceVersion "1"]
[SourceVersionDate "2024.10.14"]
[SourceQuality "1"]

1. d4 d5 2. c4 c6 3. cxd5 cxd5 4. Bf4 Nc6 5. e3 Bf5 6. Nc3 Nf6 7. Qb3 Na5 8. Qa4+ Bd7 9. Bb5 Nc6 10. Qb3 e6 11. Nf3 Be7 12. 0-0 0-0 13. Na4 Na5 14. Qd3 Nc4 15. Bxd7 Qxd7 16. b3 Rfc8 17. bxc4 Qxa4 18. c5 b6 19. cxb6 axb6 20. h3 Ne4 21. Qb3 b5 22. Rac1 Rc4 23. Rxc4 dxc4 24. Qb2 c3 25. Qe2 Ba3 26. Ne5 c2 27. Nd3 Nc3 28. Qg4 f5 29. Qh5 Qc4 30. Qf3 Ne4 31. Qe2 Qxa2 32. f3 Nc3 33. Qe1 Qc4 34. Qd2 c1Q 35. Rxc1 Bxc1 36. Nxc1 Ra1 37. Kh2 b4 38. Nd3 Rd1 39. Nb2 Rxd2 40. Nxc4 Ra2 41. Be5 b3 42. d5 exd5 43. Bxc3 dxc4 44. e4 fxe4 45. fxe4 b2 46. Bxb2 Rxb2 47. e5 c3 48. e6 c2 49. e7 Kf7 50. e8Q+ Kxe8 51. h4 c1Q 0-1

[Event "IND-ch U13 Girls"]
[Site "Secunderabad"]
[Date "2023.12.10"]
[Round "11"]
[White "Nivedita, VC."]
[Black "Aadya, Gupta"]
[Result "1-0"]
[WhiteElo "1638"]
[BlackElo "1460"]
[PlyCount "75"]
[EventDate "2023.12.04"]
[EventType "swiss"]
[EventRounds "11"]
[EventCountry "IND"]
[SourceTitle "EXT 2025"]
[Source "ChessBase"]
[SourceDate "2024.10.14"]
[SourceVersion "1"]
[SourceVersionDate "2024.10.14"]
[SourceQuality "1"]

1. d4 d5 2. c4 c6 3. Nc3 Nf6 4. Bg5 e6 5. e3 Be7 6. Nf3 0-0 7. Bd3 Nbd7 8. 0-0 h6 9. Bh4 a6 10. c5 e5 11. dxe5 Nh5 12. Bxe7 Qxe7 13. g4 Nxe5 14. Nxe5 Qxe5 15. gxh5 Bh3 16. f4 Qxe3+ 17. Rf2 d4 18. Ne4 f5 19. Nd6 Bg4 20. Qd2 Qh3 21. Bc4+ Kh7 22. Qxd4 Qxh5 23. Re1 Qh4 24. Qe3 Qf6 25. Qe7 Qd4 26. Qe5 Qxe5 27. fxe5 f4 28. e6 Bh5 29. e7 Rh8 30. Rxf4 g5 31. Rfe4 Bg6 32. e8Q Bxe8 33. Nxe8 Kg6 34. Re6+ Kh7 35. Bd3+ Kg8 36. Rg6+ Kf7 37. Rf6+ Kg8 38. Re7 1-0